000
00336pab a2200145 454500
008
180718b1991 xxu||||| |||| 00| 0 eng d
100
_a
Mojumdar, Modhumita
245
_a
Media and the casteist divide
260
_c
1991
300
_a
20-2
362
_a
23 Mar.
650
_a
Scheduled Areas
773
_a
Mainstream
909
_a
18640
999
_c
18640
_d
18640